Determinación de la densidad y distribución de subtipos de mastocitos: (Registro nro. 15718)

Detalles MARC
000 -Cabecera
Campo de control interno 00556nam a2200181Ia 4500
005 - Fecha y hora del registro
control field 20260306170216.0
008 - Elementos de Longitud Fija
fixed length control field 260306t2010||||xx |||||||||||||| ||und||
041 ## - Idioma
Codigo Idioma ESP
082 ## - DEWEY y NOTACIÓN INTERNA
Dewey 599.6367
Notación Interna P77
100 ## - AUTOR
Autor denominación Ponce Lozada, Julio
Término de relación autor
245 #0 - TÍTULO DE MATERIAL BIBLIOGRÁFICO
Título Determinación de la densidad y distribución de subtipos de mastocitos:
Título paralelo En diferentes tejidos de alpacas (vicugna pacos Linnaeus 1758), clínicamente sanas
260 ## - CIUDAD, EDITORIAL, AÑO
Año 2010
300 ## - DESCRIPCIÓN
N° Páginas 95 páginas :
Dimensiones 24 cm.
650 ## - TEMAS
Temas Generalidades
654 ## - PROGRAMAS
Programa Dpto. de Ciencias Naturales
942 ## - ELEMENTOS DE KOHA
Tipo de documento Libro
Nombre del creador Justo Noguera
Código de catalogador Justo Noguera
Esquema de clasificación Dewey Decimal Classification
Suppress in OPAC
Existencias
Codigo completo Registro Colección Copia número Disponibilidad Tipo de préstamo Biblioteca Actual Procedencia (Biblioteca) Ubicacón Fecha Ingreso Tipo de Adquisición Date last seen Total checkouts Price effective from Tipo de Item Estado del Material Fuente de Clasificación Damaged status Withdrawn status
599.6367 P77 1005895 Universidad Católica San Pablo 1 Disponible Disponible Víctor Andrés Belaunde Víctor Andrés Belaunde Segundo piso 03/06/2026 Donación 06/03/2026   06/03/2026 Libro Bueno Dewey Decimal Classification